000 00329nam a22001457a 4500
008 210428b ||||| |||| 00| 0 eng d
020 _a2901323389880
041 _aeng
080 _a330.101.541
082 _a330.101.541
100 _a52
101 _aMAKRO
245 _aMacroeconomics
_cR. Glenn Hubbard
942 _2udc
_cBK
999 _c56894
_d56894